00831nam a2200193 i 450000100060000000300090000600500170001500700030003200800410003524501590007626000500023530000220028571000310030785200210033885200210035999900170038095201200039795201200051746445ES-MaACL20230906161402.0t|030328s1935 sp ||||1| cat d00aConferències sobre la Universitat de Barcelona / corganitzades per l'Associació Professional d'Estudiants de Drot i donades en l'Ateneu Barcelonès. aBarcelona : b[s.n., c1935] (fImp. Altés) a204 p. ; c23 cm.2 aAteneu Barcelonès.92060 aES-MaACLjA-4139 aES-MaACLjA-3978 c46445d46445 00104070aATENEOMbATENEOMcSPP1d2008-01-17eSCl0oA-3978p1048847r2023-02-23 00:00:00w2023-02-23yMONOGRAFIA 00104070aATENEOMbATENEOMcSPP1d2008-01-17eSCl0oA-4139p1048846r2023-02-23 00:00:00w2023-02-23yMONOGRAFIA